| 000 | 00551nam a22001697a 4500 | ||
|---|---|---|---|
| 008 | 260612b |||||||| |||| 00| 0 eng d | ||
| 020 | _a9780323794251 | ||
| 050 |
_aRC 683.5 _bA36 2023 |
||
| 100 | _aAehlert, Barbara | ||
| 245 | _aECGs made easy / | ||
| 250 | _a7th ed. | ||
| 260 |
_aSt. Louis, Missouri : _bElsevier, _c2023. |
||
| 300 |
_aviii, 304p. : _bill. ; _c28 cm. |
||
| 504 | _aincludes bibliographical references and index. | ||
| 650 | _aHeart diseases-diagnosis. | ||
| 942 |
_2ddc _cBOOKS _hRC 683.5 .A39 2023 |
||
| 999 |
_c32519 _d32519 |
||